Państwa z ludami tureckimi - Statystyki

Ogólne statystyki
  • Ten quiz został rozwiązany 21 101 razy
  • Średni wynik to 10 z 15
Statystyki odpowiedzi
# osób Państwo % Poprawnych
75 mln Turcja
97%
12,8 mln Rosja
82%
ok. 3 mln Niemcy
80%
1 mln Stany Zjednoczone
76%
ok. 15 mln Iran
75%
1,5 mln Irak
74%
11,7 mln Chiny
70%
900 tys. Syria
68%
12,3 mln Kazachstan
56%
9 mln Azerbejdżan
53%
4,2 mln Turkmenistan
51%
ok. 4,7 mln Afganistan
50%
25,2 mln Uzbekistan
50%
1,2 mln Tadżykistan
49%
4,5 mln Kirgistan
46%
Nie znaleziono quizów pasujących do podanych kryteriów
Rozkład punktacji
Procent ludzi z każdym wynikiem
Percentyl według liczby udzielonych odpowiedzi
Twoja historia wyników
Nie rozwiązałeś tego quizu